| 000 | 02127nam0a2200397 4500 | ||
|---|---|---|---|
| 001 | RU\NLR\BIBL_A\022579352 | ||
| 005 | 20260607090754.0 | ||
| 010 |
_a978-5-6046967-2-9 _930 |
||
| 021 |
_aRU _bКН-П-25-028558 _9КН-П-25-2829 |
||
| 035 | _a(NLR Aleph) 022579352 | ||
| 090 |
_a13676832 _c13676832 |
||
| 100 | _a20250703d2025 u y0rusy50 ca | ||
| 101 | 0 | _arus | |
| 102 | _aRU | ||
| 105 | _aca z 000zy | ||
| 181 | 0 |
_ai3 _baxxe |
|
| 182 | 0 | _an | |
| 200 | 1 |
_aСпортивно-оздоровительный менеджмент как фактор развития экономики социальной сферы _eмонография _fЮ. Р. Лутфуллин, А. Н. Попов, И. А. Дильмухаметова |
|
| 203 |
_aТекст _bвизуальный _cнепосредственный |
||
| 210 |
_aУфа _cБГПУ им. М. Акмуллы _cМир печати _d2025 |
||
| 215 |
_a173 с. _cцв. портр., ил. _d21 |
||
| 300 | _aНа 3-й с. 1-й и 2-й авт.: Лутфуллин Ю. Р., д-р экон. наук, проф., Попов А. Н., д-р экон. наук, проф., мастер спорта СССР | ||
| 320 | _aБиблиогр.: с. 161-170 | ||
| 606 | 1 |
_aСпортивно-оздоровительный туризм _xУправление _92154519 _3RU\NLR\AUTH\661601894 |
|
| 606 | 1 |
_aТуризм _xУправление _xКадры _xПодготовка _92300122 _3RU\NLR\AUTH\6601603717 |
|
| 606 |
_aЭкономисты _xПодготовка _3RU\NLR\AUTH\661276647 _92112680 |
||
| 686 | 1 | _aЧ518.113.9спорт.-оздоров.4(0)к | |
| 686 | 1 | _aЧ489.53 | |
| 686 | 1 | _aЧ489.31 | |
| 700 | 1 |
_aЛутфуллин _bЮ. Р. _gЮнир Рифович |
|
| 701 | 1 |
_aПопов _bА. Н. _cд-р экон. наук, управлен. экономика _f1948- _gАлександр Николаевич _92931 _3RU\NLR\AUTH\7719860 |
|
| 701 | 1 |
_aДильмухаметова _bИ. А. _gИльмира Айратовна |
|
| 942 | _cBOOK | ||
| 980 | _aNB | ||